000 00400pab a2200145 454500
008 180718b1988 xxu||||| |||| 00| 0 eng d
100 _aSau, Ranjit
245 _aThe green revolution and industrial growth in India, a tale of two paradoxes and a half
260 _c1988
300 _a789-96
362 _a16 Apr.
650 _aAgriculture
773 _aEconomic and Political Weekly
909 _a3639
999 _c3639
_d3639